000 00426nam a2200181Ia 4500
001 9806
005 20260306161745.0
008 260306t2017||||xx |||||||||||||| ||spa||
041 _aESP
082 _a462
_bN56
100 _aNieto Ballester, Emilio
_eAUT
245 0 _aIntroducción a la etimología
260 _c2017
300 _a292 páginas :
_c23 cm.
650 _aGEN
654 _aCHU
942 _cLIB
_dJUS
_fJUS
_2ddc
_n
999 _c9806
_d9806